La co-enseñanza, una estrategia para el mejoramiento educativo y la inclusión

La co-enseñanza es una estrategia educativa recientemente adoptada en Chile para los Programas de Integración Escolar, que implica considerables transformaciones en el trabajo docente. Por ello, se presenta una reseña teórica en donde se analiza su origen conceptual, principales características, ben...

Full description

Bibliographic Details
Main Author: Rodríguez, Felipe
Format: Analitica de revista
Language:Spanish
Published: La Plata : Revista Lectura y Vida. Ensayos e investigaciones, 2015.
Subjects:
Online Access:Acceso electrónico al documento

MARC

LEADER 00000cab a2200000 a 4500
001 024253
003 UAHC_CL
005 20241118194220.0
008 110603s2015 cl || || 000 s|spa
040 |a UAHC_CL  |c UAHC_CL  |d UAHC_CL 
100 |a Rodríguez, Felipe  |9 13402 
245 |a La co-enseñanza, una estrategia para el mejoramiento educativo y la inclusión  |c Felipe Rodríguez. 
260 |a La Plata :  |b Revista Lectura y Vida. Ensayos e investigaciones,  |c 2015. 
300 |a p. 219-233 
500 |a En: Revista Latinoamericana de Educación Inclusiva, vol. 8 no. 2, 2015. pp. 219-233. ISSN 0718-5480, 
520 |a La co-enseñanza es una estrategia educativa recientemente adoptada en Chile para los Programas de Integración Escolar, que implica considerables transformaciones en el trabajo docente. Por ello, se presenta una reseña teórica en donde se analiza su origen conceptual, principales características, beneficios, enfoques, su relación con la gestión curricular y los factores que influyen en su desarrollo. Además, se entrega una propuesta de implementación basada en el modelo de alineamiento operacional de Donoso (1998), orientando la coenseñanza hacia la mejoría de los aprendizajes y la inclusión, junto con algunas herramientas prácticas para facilitar su implementación. 
650 0 |9 13403  |a Equipos de enseñanza 
650 0 |9 6033  |a Educación inclusiva 
653 |a Enseñanza virtual 
856 |y Acceso electrónico al documento  |u https://bibliotecadigital.mineduc.cl/handle/20.500.12365/18059 
942 |c REVA  |2 ddc 
952 |0 0  |1 0  |2 ddc  |4 0  |6 RECURSO_ELECTRÓNICO  |7 0  |8 BAS  |9 94437  |a BC  |b BC  |c Digital  |d 2021-03-01  |l 0  |o Recurso electrónico  |r 2021-03-01 00:00:00  |w 2021-03-01  |y REVA  |z También lo encuentras en bibliografias.academia.cl 
999 |c 54014  |d 54014